Test Cricket Records Quiz - Statistics

General Stats
  • This quiz has been taken 502 times
  • The average score is 11 of 17
Answer Stats
Record # When Answer % Correct
Batting Most Career Runs 15,921 1989–2013 Sachin Tendulkar
98%
Batting Highest individual score 400* 2004 Brian Lara
95%
Batting Highest career batting average 99.94 1928–1948 Donald Bradman
91%
Batting Most Career Runs as Opener 11,845 2006–2018 Alastair Cook
84%
Bowling Most wickets by a pacer 611 2003- James Anderson
80%
Bowling Most Career Wickets 800 1992–2011 Muttiah Muralitharan
77%
Bowling Most wickets in a calendar year 96 2005 Shane Warne
76%
Other Most matches won as captain 53 2002–2014 Graeme Smith
66%
Batting Most sixes in career 107 2002–2016 Brendon McCullum
61%
Other Highest partnership 624 2006 Kumar Sangakkara
60%
Fielding Most Career Catches (as fielder) 210 1996–2012 Rahul Dravid
56%
Other Highest partnership 624 2006 Mahela Jayawardene
54%
Fielding Most Catches (as wicketkeeper) 532 1997-2012 Mark Boucher
51%
Batting Most runs in a match 456 1990 Graham Gooch
50%
Bowling Best figures in an innings 10/53 1956 Jim Laker
43%
Batting Most runs in a calendar year 1788 2006 Mohammad Yousuf
30%
Bowling Best career average 10.75 1886-1896 George Lohmann
11%
No matching quizzes found
Score Distribution
Percent of People with Each Score
Percentile by Number Answered
Your Score History
You have not taken this quiz